000
00234nam a2200097Ia 4500
005
20251222140105.0
008
251222s1900||||xx |||||||||||||| ||spa||
082
_a
249.4/C76
245
0
_a
Primer congreso eucarÃstico de Lima
942
_c
LIB
999
_c
4102
_d
4102